Historia de las relaciones chileno-bolivianas

Na minha lista:
Detalhes bibliográficos
Autor principal: Carrasco Delgado, Sergio (Author)
Formato: Livro
Idioma:espanhol
Publicado em: Santiago, Chile Universitaria 1991
Colecção:Colección Imagen de Chile
Assuntos:
Tags: Adicionar Tag
Sem tags, seja o primeiro a adicionar uma tag!

MARC

LEADER 00000nam a2200000 a 4500
001 UCK2363
003 CL-VaPUC
005 20201222001151.0
008 050106e19910800CL |||||||||||||||||spa|d
999 |c 311921  |d 311919 
020 |a 9561104651 
040 |c Pontificia Universidad Católica de Valparaíso 
082 0 4 |a 327.83084 CAR 1991  |2 21 
100 0 |a Carrasco Delgado, Sergio  |e author  |9 490218 
245 1 0 |a Historia de las relaciones chileno-bolivianas 
260 |a Santiago, Chile  |b Universitaria  |c 1991 
300 |a 489 páginas 
490 0 |a Colección Imagen de Chile 
583 |a last modification  |c 20191014 01:21:43  |k Rodrigo Vera 
650 0 |a Relaciones Exteriores  |z CHILE  |z BOLIVIA  |9 255379 
852 |a BIBCUR 
942 |c BK  |2 ddc 
945 |d 20050106 00:00:00  |a vberengu 
952 |0 0  |1 0  |2 ddc  |4 0  |6 327_830840000000000_CAR_1991  |7 0  |8 A  |9 381651  |a BIBHIS  |b BIBHIS  |d 2019-11-21  |i 409087K  |o 327.83084 CAR 1991  |p 409087K  |r 2025-01-20  |t 1  |w 2019-11-21  |y BK  |k HIS 
952 |0 0  |1 0  |2 ddc  |4 0  |6 327_830840000000000_CAR_1991  |7 0  |8 A  |9 381652  |a BIBHIS  |b BIBHIS  |d 2019-11-21  |i 2907348  |l 2  |m 1  |o 327.83084 CAR 1991  |p 2907348  |r 2025-01-20  |s 2023-06-28  |t 2  |w 2019-11-21  |y BK  |k HIS 
952 |0 0  |1 0  |2 ddc  |4 0  |6 327_830840000000000_CAR_1991  |7 0  |9 381653  |a FDOBUD  |b FDOBUD  |d 2019-11-21  |i 1083058  |o 327.83084 CAR 1991  |p 1083058  |r 2019-11-21  |t 3  |w 2019-11-21  |y BK  |k BUD